000 01261nam a22002297a 4500
008 081007t xxu||||| |||| 00| 0 mar
010 _aMAR-19894
020 _c200.00
_a9788177669657
035 _aMR-12552
037 _aD.B.Act /pub
082 _a823
100 _aस्वामीनाथन, कल्पना
245 _aद पेज थ्री मर्डर्स /
_cकल्पना स्वामीनाथन; निर्मला मोने द्वारा अनुदित
246 _aThe Page Three Murders
_bby Kalpana Swaminathan
260 _aपुणे
_bमेहता पब्लिशिंग हाऊस
_c2007
270 _a1941,सदाशिव पेठ
_bपुणे
_e400043
300 _a264 पृ
_c22सेमी (अजिल्द)
650 _aअंग्रेजी कादंबरी
_vमराठी में अनुवाद
650 _aEnglish Fiction
_vTranlation into Marathi
942 _2ddc
_cMR
_h823
_k823 / स्वामीना
_mस्वामीना
999 _c16551
_d16551